Countries With One Official Language - Sudden Death - Statistics

General Stats
  • This quiz has been taken 130 times
  • The average score is 2 of 17
Answers on the Grid
Answers color-coded by a green-red scale on the quiz's grid according to % correct below.
Australia
Austria
Bangladesh
Belize
Benin
Bhutan
Comoros
Cyprus
East Timor
Gabon
Ghana
Guinea
Iceland
India
Ireland
Japan
Laos
Maldives
Mexico
Mozambique
Nauru
Norway
Philippines
Republic of Congo
San Marino
Sierra Leone
Slovenia
Somalia
Tajikistan
Tonga
Uganda
Ukraine
 
Answer Stats
Answer % Correct
Austria
55%
Bangladesh
29%
Iceland
28%
Bhutan
19%
Belize
13%
Ukraine
12%
San Marino
9%
Laos
8%
Slovenia
8%
Benin
5%
Maldives
5%
Tajikistan
4%
Ghana
1%
Mozambique
1%
Republic of Congo
1%
Guinea
0%
Sierra Leone
0%
No matching quizzes found
Score Distribution
Percent of People with Each Score
Percentile by Number Answered
Your Score History
You have not taken this quiz